Loading...
Any History | 8 | 13.75 | 100% | 38% | 0% |
Current Events | 4 | 15.00 | 75% | 50% | 25% |
Fine Arts - Classical Music | 8 | 8.75 | 88% | 0% | 0% |
Fine Arts - Other Fine Arts | 11 | 18.18 | 82% | 73% | 27% |
Geography | 5 | 18.00 | 100% | 80% | 0% |
History - American History | 8 | 12.50 | 100% | 25% | 0% |
History - European History | 6 | 15.00 | 100% | 50% | 0% |
History - World History | 8 | 15.00 | 88% | 50% | 13% |
Literature - American Literature | 10 | 20.00 | 100% | 90% | 10% |
Literature - British Literature | 7 | 21.43 | 100% | 86% | 29% |
Literature - European Literature | 9 | 21.11 | 100% | 89% | 22% |
Literature - World Literature | 6 | 20.00 | 100% | 100% | 0% |
Mythology | 9 | 18.89 | 89% | 89% | 11% |
Painting & Sculpture | 2 | 20.00 | 100% | 50% | 50% |
Philosophy | 6 | 21.67 | 100% | 100% | 17% |
Religion | 7 | 15.71 | 100% | 57% | 0% |
Science - Biology | 10 | 11.00 | 90% | 20% | 0% |
Science - Chemistry | 11 | 10.00 | 91% | 9% | 0% |
Science - Other Science | 10 | 13.00 | 100% | 30% | 0% |
Science - Physics | 9 | 16.67 | 100% | 67% | 0% |
Social Science | 8 | 11.25 | 88% | 13% | 13% |